000
00241nam a2200097Ia 4500
008
220204s9999 xx 000 0 und d
082
_a
331.91
_b
INT
245
0
_a
International labour organization
260
_a
New York
_b
ILO
_c
1965
942
_c
BK
999
_c
22108
_d
22108